The wheels of Ind / (Record no. 187501)
[ view plain ]
| 000 -LEADER | |
|---|---|
| fixed length control field | 00825 a2200193 4500 |
| 003 - CONTROL NUMBER IDENTIFIER | |
| control field | Nust |
| 005 - DATE AND TIME OF LATEST TRANSACTION | |
| control field | 20230208151027.0 |
| 010 ## - LIBRARY OF CONGRESS CONTROL NUMBER | |
| LC control number | 34017336 |
| 040 ## - CATALOGING SOURCE | |
| Transcribing agency | Nust |
| 082 ## - DEWEY DECIMAL CLASSIFICATION NUMBER | |
| Classification number | 954.385,MIT |
| 100 ## - MAIN ENTRY--PERSONAL NAME | |
| Personal name | Mitchell, John Walter. |
| 9 (RLIN) | 108750 |
| 245 ## - TITLE STATEMENT | |
| Title | The wheels of Ind / |
| Statement of responsibility, etc. | John W. Mitchell, |
| 260 ## - PUBLICATION, DISTRIBUTION, ETC. | |
| Place of publication, distribution, etc. | London, |
| Name of publisher, distributor, etc. | T. Butterworth, limited |
| Date of publication, distribution, etc. | 1934 |
| 300 ## - PHYSICAL DESCRIPTION | |
| Extent | 3 p. l., 9-319, [1] p |
| Other physical details | front., |
| Dimensions | plates, |
| Accompanying material | ports., |
| Type of unit | maps (1 fold.) |
| Size of unit | 23 cm |
| 505 ## - FORMATTED CONTENTS NOTE | |
| Formatted contents note | East to Calcutta (Page-15), Bilaspur and its District (Page-29), Life in the Bilaspur Settlement (Page-91), Jungle Jaunts in Tiger Haunts (Page-129), Camoes of the Wild (Page-166), Bhojudih-Black Diamonds and Rough diamonds (Page-211), Khurda Road-Gods on Wheels (Page-247). |
| 600 ## - SUBJECT ADDED ENTRY--PERSONAL NAME | |
| Personal name | Mitchell, John Walter. |
| 9 (RLIN) | 108750 |
| 650 ## - SUBJECT ADDED ENTRY--TOPICAL TERM | |
| Topical term or geographic name entry element | Railway in India |
| 9 (RLIN) | 108751 |
| 942 ## - ADDED ENTRY ELEMENTS (KOHA) | |
| Source of classification or shelving scheme | |
| Koha item type | Book |
| Withdrawn status | Lost status | Source of classification or shelving scheme | Damaged status | Not for loan | Permanent Location | Current Location | Shelving location | Date acquired | Full call number | Barcode | Date last seen | Price effective from | Koha item type | Public note |
|---|---|---|---|---|---|---|---|---|---|---|---|---|---|---|
| Military College of Signals (MCS) | Military College of Signals (MCS) | General Stacks | 12/12/2016 | 954.385,MIT | MCS29035 | 12/08/2016 | 12/12/2016 | Book | Almirah No.61, Shelf No.6 |
